[Event "Guernsey International Holiday 2014"]
[Site "Guernsey, GCI"]
[Date "2014.10.19"]
[Round "1"]
[White "Kershaw, Graham J"]
[Black "Bakkes, Frits"]
[Result "1-0"]
[WhiteElo "1773"]
[BlackElo "1630"]
[PlyCount "117"]
[EventDate "2014.10.19"]
[EventType "swiss"]
[EventRounds "7"]
[SourceDate "2015.01.07"]

1. e4 c5 2. Nf3 Nc6 3. d4 cxd4 4. Nxd4 e5 5. Nf3 Nf6 6. Bd3 d6 7. Bg5 Bg4 8. c3
Be7 9. h3 Bxf3 10. Qxf3 Qb6 11. Qe2 Rc8 12. O-O O-O 13. c4 Nd4 14. Qd2 Qd8 15.
Be3 Nc6 16. Nc3 h6 17. b3 Nh7 18. Nd5 Bg5 19. f4 exf4 20. Nxf4 Bxf4 21. Rxf4
Ng5 22. Raf1 b6 23. Rf5 Ne5 24. Bc2 f6 25. Qf2 Qe8 26. h4 Ng4 27. Qf4 Nxe3 28.
Qxe3 Nf7 29. Rd5 Rc5 30. Qg3 Rxd5 31. exd5 Ne5 32. Qf4 Qc8 33. Re1 g5 34. Qf2
Qc5 35. Kf1 Qxf2+ 36. Kxf2 gxh4 37. Re4 h3 38. gxh3 Kf7 39. Rh4 Kg7 40. Bf5 Re8
41. Rd4 Nf7 42. Rg4+ Kf8 43. Rg6 Ke7 44. Rg7 Kf8 45. Rg6 Ke7 46. h4 a6 47. Be6
b5 48. Rg7 Rf8 49. Ke3 Ke8 50. cxb5 axb5 51. Bxf7+ Rxf7 52. Rxf7 Kxf7 53. a4
bxa4 54. bxa4 Ke7 55. Kf4 Kd7 56. Kf5 Kc7 57. Kxf6 Kb6 58. Ke6 Kc5 59. a5 1-0

[Event "Guernsey International Holiday 2014"]
[Site "Guernsey, GCI"]
[Date "2014.10.19"]
[Round "1"]
[White "Kearsley, Raymond J"]
[Black "Cook, Chris RD"]
[Result "1/2-1/2"]
[WhiteElo "1638"]
[BlackElo "1765"]
[PlyCount "121"]
[EventDate "2014.10.19"]
[EventType "swiss"]
[EventRounds "7"]
[SourceDate "2015.01.07"]

1. e4 d5 2. d4 dxe4 3. Nc3 Nf6 4. f3 Bf5 5. fxe4 Nxe4 6. Nxe4 Bxe4 7. Nf3 Nc6
8. Be2 e6 9. O-O Be7 10. Bf4 O-O 11. c3 a6 12. Qd2 Rc8 13. Qe3 Bg6 14. c4 Bf6
15. Rad1 Re8 16. Ne5 Nb4 17. a3 Nc6 18. Bf3 Bxe5 19. dxe5 Qe7 20. Bxc6 bxc6 21.
Bg5 Qf8 22. Rd7 Rb8 23. Qd4 c5 24. Qh4 Rxb2 25. Be7 Rxe7 26. Rxe7 Be4 27. Rd1
Rxg2+ 28. Kf1 Rxh2 29. Qxe4 f5 30. Qc6 Qxe7 31. Rd7 Rh1+ 32. Kg2 Qg5+ 33. Kxh1
Qh4+ 34. Kg1 Qe1+ 35. Kg2 Qe2+ 36. Kg3 Qxe5+ 37. Kf2 Qh2+ 38. Qg2 Qf4+ 39. Kg1
Qe3+ 40. Kf1 Qc1+ 41. Ke2 Qxc4+ 42. Kf2 Qf4+ 43. Qf3 Qh2+ 44. Ke3 Qe5+ 45. Kf2
Qb2+ 46. Qe2 Qf6 47. Kf1 h6 48. Qh5 Qa1+ 49. Rd1 Qxa3 50. Qe8+ Kh7 51. Qxe6
Qf3+ 52. Ke1 Qh1+ 53. Kd2 Qg2+ 54. Kc1 Qf3 55. Qc4 Qe3+ 56. Kc2 a5 57. Rf1 Qe5
58. Qd3 Kg6 59. Rg1+ Kh7 60. Rf1 Kg6 61. Rg1+ 1/2-1/2

[Event "Guernsey International Holiday 2014"]
[Site "Guernsey, GCI"]
[Date "2014.10.19"]
[Round "1"]
[White "Hoogakker, Peter"]
[Black "Collins, Alan"]
[Result "1/2-1/2"]
[WhiteElo "1757"]
[BlackElo "1645"]
[PlyCount "41"]
[EventDate "2014.10.19"]
[EventType "swiss"]
[EventRounds "7"]
[SourceDate "2015.01.07"]

1. e4 d6 2. d4 Nf6 3. Nc3 c6 4. h3 Nbd7 5. Nf3 e5 6. dxe5 Nxe5 7. Nxe5 dxe5 8.
Qxd8+ Kxd8 9. Bg5 Be6 10. O-O-O+ Kc7 11. f4 Bd6 12. f5 Bd7 13. Be2 Ne8 14. Rd2
f6 15. Be3 b6 16. Rhd1 Rd8 17. a4 Bb4 18. Rd3 Bxc3 19. Rxc3 Nd6 20. Bf3 Bc8 21.
Rcd3 1/2-1/2

[Event "Guernsey International Holiday 2014"]
[Site "Guernsey, GCI"]
[Date "2014.10.19"]
[Round "1"]
[White "O'Connell, Denis"]
[Black "Glover, John"]
[Result "1-0"]
[WhiteElo "1628"]
[BlackElo "1735"]
[PlyCount "133"]
[EventDate "2014.10.19"]
[EventType "swiss"]
[EventRounds "7"]
[SourceDate "2015.01.07"]

1. e4 d5 2. Nc3 d4 3. Nce2 e5 4. Ng3 Be6 5. Nf3 Bd6 6. Bb5+ c6 7. Ba4 Ne7 8.
O-O O-O 9. Ng5 Nd7 10. Nxe6 fxe6 11. Bb3 Rf6 12. d3 Nc5 13. Bg5 Rg6 14. Qd2
Nxb3 15. axb3 h6 16. Bh4 Rg4 17. Bxe7 Qxe7 18. Qe2 Rg6 19. Qd2 a6 20. Kh1 Rf8
21. c3 c5 22. c4 Bc7 23. Qe2 a5 24. Kg1 b6 25. Rae1 Qh4 26. Qh5 Qxh5 27. Nxh5
Rg5 28. Ng3 Rg4 29. Ne2 Rg6 30. Ng3 Rgf6 31. Re2 R6f7 32. Rfe1 g5 33. h3 Kh7
34. Nh5 Kg6 35. Ng3 Bd8 36. Nf1 h5 37. Nd2 g4 38. hxg4 hxg4 39. g3 Rh7 40. Kg2
Rfh8 41. Rg1 Bg5 42. Nf1 Bf6 43. Nd2 Rh2+ 44. Kf1 Bg5 45. Rg2 Rh1+ 46. Rg1
Rxg1+ 47. Kxg1 Bxd2 48. Rxd2 Ra8 49. Rd1 Kg5 50. Kg2 Rh8 51. Rh1 Rxh1 52. Kxh1
Kh5 53. Kg2 Kg6 54. f3 Kg5 55. Kf2 Kh5 56. fxg4+ Kxg4 57. Kg2 Kg5 58. Kh3 Kh5
59. g4+ Kg5 60. Kg3 Kg6 61. Kh4 Kh6 62. g5+ Kg6 63. Kg4 Kg7 64. Kh5 Kh7 65. g6+
Kg7 66. Kg5 Kg8 67. Kf6 1-0

[Event "Guernsey International Holiday 2014"]
[Site "Guernsey, GCI"]
[Date "2014.10.19"]
[Round "1"]
[White "Norman, Dinah M"]
[Black "Livermore, Richard"]
[Result "1/2-1/2"]
[WhiteElo "1735"]
[BlackElo "1619"]
[PlyCount "59"]
[EventDate "2014.10.19"]
[EventType "swiss"]
[EventRounds "7"]
[SourceDate "2015.01.07"]

1. d4 Nf6 2. Nf3 e6 3. Bg5 d5 4. e3 Nbd7 5. Nbd2 c6 6. c3 Be7 7. Bd3 Qc7 8. Bf4
Bd6 9. Bxd6 Qxd6 10. h3 c5 11. O-O c4 12. Bc2 b5 13. e4 dxe4 14. Nxe4 Nxe4 15.
Bxe4 Rb8 16. a3 Bb7 17. Bxb7 Rxb7 18. Qe2 O-O 19. Rfe1 h6 20. Rad1 Nf6 21. Ne5
Nd5 22. g3 Re7 23. a4 a6 24. axb5 axb5 25. Ra1 Nc7 26. Ra5 Qd5 27. Rea1 Ree8
28. Kh2 Ra8 29. Qf3 Qxf3 30. Nxf3 1/2-1/2

[Event "Guernsey International Holiday 2014"]
[Site "Guernsey, GCI"]
[Date "2014.10.19"]
[Round "1"]
[White "Finch, Russell"]
[Black "Stuart, Brian"]
[Result "0-1"]
[WhiteElo "1613"]
[BlackElo "1735"]
[PlyCount "60"]
[EventDate "2014.10.19"]
[EventType "swiss"]
[EventRounds "7"]
[SourceDate "2015.01.07"]

1. e4 e6 2. d4 d5 3. Nc3 Bb4 4. e5 c5 5. a3 Bxc3+ 6. bxc3 Ne7 7. Nf3 Bd7 8. Be2
Ba4 9. O-O Qc7 10. Rb1 cxd4 11. Bb5+ Bxb5 12. Rxb5 dxc3 13. Qd4 Nbc6 14. Qxc3
O-O 15. Re1 Rac8 16. Bf4 Qd7 17. Qb2 b6 18. Bd2 Rc7 19. Rc1 Rfc8 20. a4 h6 21.
c4 dxc4 22. Rxc4 Rd8 23. Qc1 Rdc8 24. Rc3 Nd4 25. Nxd4 Rxc3 26. Bxc3 Qxd4 27.
Rb3 Nd5 28. Qd2 Qxa4 29. Qc2 Qc6 30. Qe2 Nxc3 0-1

[Event "Guernsey International Holiday 2014"]
[Site "Guernsey, GCI"]
[Date "2014.10.19"]
[Round "1"]
[White "Watson, Jim"]
[Black "Borland, Tom"]
[Result "1-0"]
[WhiteElo "1735"]
[BlackElo "1597"]
[PlyCount "63"]
[EventDate "2014.10.19"]
[EventType "swiss"]
[EventRounds "7"]
[SourceDate "2015.01.07"]

1. d4 d5 2. c4 Nc6 3. Nc3 dxc4 4. d5 Na5 5. e4 c6 6. Bf4 Nf6 7. dxc6 Qxd1+ 8.
Rxd1 Nxc6 9. Nb5 e5 10. Nc7+ Ke7 11. Bg5 Bg4 12. f3 Rc8 13. Bxf6+ Kxf6 14. Nd5+
Kg6 15. fxg4 Nb4 16. Nf3 f6 17. Kf2 Bc5+ 18. Kg3 b5 19. Nh4+ Kg5 20. Nf5 Nxd5
21. Rxd5 Rhd8 22. Be2 Rxd5 23. exd5 Kg6 24. Bf3 Kf7 25. Rd1 g6 26. Nh6+ Ke7 27.
h4 Be3 28. g5 f5 29. d6+ Kd7 30. Bd5 Bf4+ 31. Kf3 Kxd6 32. Bb7+ 1-0

[Event "Guernsey International Holiday 2014"]
[Site "Guernsey, GCI"]
[Date "2014.10.19"]
[Round "1"]
[White "Colsen, Manuel"]
[Black "Savident, David B"]
[Result "1/2-1/2"]
[WhiteElo "1555"]
[BlackElo "1734"]
[PlyCount "87"]
[EventDate "2014.10.19"]
[EventType "swiss"]
[EventRounds "7"]
[SourceDate "2015.01.07"]

1. Nf3 d5 2. g3 Nf6 3. Bg2 g6 4. d4 Bg7 5. O-O O-O 6. b3 Nbd7 7. Bb2 c6 8. Nbd2
Qc7 9. c4 dxc4 10. Nxc4 Nb6 11. Nce5 Bf5 12. Rc1 Be4 13. e3 e6 14. Ba3 Rfe8 15.
Ng5 Bxg2 16. Kxg2 Nfd7 17. Nexf7 h6 18. Qd3 hxg5 19. Qxg6 Nf8 20. Nh6+ Kh8 21.
Bxf8 Rxf8 22. Qxe6 Rf6 23. Qg4 Bxh6 24. h4 Qd7 25. Qxd7 Nxd7 26. hxg5 Bxg5 27.
f4 Bh6 28. e4 Rg8 29. Kf3 Rfg6 30. Rg1 Bf8 31. Rh1+ Rh6 32. Rxh6+ Bxh6 33. Rh1
Kg7 34. g4 Rf8 35. f5 Re8 36. e5 Nxe5+ 37. dxe5 Rxe5 38. Rd1 Rd5 39. Re1 Bg5
40. Re6 Kf7 41. Rg6 Bd2 42. Ke4 Rd8 43. g5 Rg8 44. Rf6+ 1/2-1/2

[Event "Guernsey International Holiday 2014"]
[Site "Guernsey, GCI"]
[Date "2014.10.19"]
[Round "1"]
[White "Kirk, Matthew"]
[Black "Kay, Robert"]
[Result "1/2-1/2"]
[WhiteElo "1726"]
[BlackElo "1555"]
[PlyCount "97"]
[EventDate "2014.10.19"]
[EventType "swiss"]
[EventRounds "7"]
[SourceDate "2015.01.07"]

1. d4 Nf6 2. c4 e6 3. Nf3 g6 4. a3 Bg7 5. Nc3 O-O 6. e4 d6 7. Be2 b6 8. O-O Bb7
9. d5 exd5 10. cxd5 Nbd7 11. Be3 Re8 12. Qc2 Ng4 13. Bd4 Bxd4 14. Nxd4 Ngf6 15.
Bb5 a6 16. Bc6 Qc8 17. f3 Bxc6 18. Nxc6 Qb7 19. Ne2 Ne5 20. Rac1 Rac8 21. Ned4
h5 22. Nxe5 Rxe5 23. Nc6 Ree8 24. Qc3 Nd7 25. Rc2 Ne5 26. Rfc1 Nxc6 27. Qxc6
Qxc6 28. Rxc6 f5 29. exf5 gxf5 30. Kf2 Re5 31. Rxd6 Rce8 32. Re6 R8xe6 33. dxe6
Rxe6 34. Rxc7 f4 35. g3 fxg3+ 36. Kxg3 Re2 37. b4 Re3 38. Rc6 Rxa3 39. Rxb6 h4+
40. Kxh4 Rxf3 41. Kg4 Ra3 42. h4 a5 43. b5 Rb3 44. Rb8+ Kg7 45. b6 a4 46. h5 a3
47. Ra8 Rxb6 48. Rxa3 Kh6 49. Rh3 1/2-1/2

[Event "Guernsey International Holiday 2014"]
[Site "Guernsey, GCI"]
[Date "2014.10.19"]
[Round "1"]
[White "Zonneveld, Jos"]
[Black "Van Hoek, Wim"]
[Result "1/2-1/2"]
[WhiteElo "1528"]
[BlackElo "1720"]
[PlyCount "119"]
[EventDate "2014.10.19"]
[EventType "swiss"]
[EventRounds "7"]
[SourceDate "2015.01.07"]

1. e4 e5 2. Nf3 Nc6 3. Bc4 Nf6 4. d3 h6 5. O-O d6 6. c3 g6 7. b4 Bg7 8. Nbd2
O-O 9. Qc2 Qe7 10. a4 a6 11. Bb2 Bg4 12. Rfe1 Kh7 13. Ba2 b5 14. a5 Rad8 15.
Bd5 Nb8 16. Rac1 c6 17. Bb3 Nh5 18. g3 Nf6 19. Kg2 Qd7 20. c4 Rc8 21. Re3 Bh3+
22. Kg1 Ng4 23. Ree1 Bf6 24. Qb1 Bg7 25. Bc3 f5 26. d4 fxe4 27. Rxe4 Nf6 28.
Re2 Bf5 29. Qb2 Bd3 30. Re3 e4 31. Ne1 Ng4 32. Rxd3 exd3 33. Nxd3 Qf5 34. Nf4
Rg8 35. Bc2 Qd7 36. d5 Rcf8 37. Re1 Bf6 38. Ne6 Bxc3 39. Qxc3 Rxf2 40. Ne4 Rxc2
41. Qxc2 bxc4 42. h3 cxd5 43. N4g5+ hxg5 44. Nxg5+ Kh6 45. hxg4 Kxg5 46. Qd2+
Kf6 47. Qd4+ Kf7 48. Qxd5+ Kg7 49. Qd4+ Kh7 50. Re2 Rg7 51. Rh2+ Kg8 52. Qd5+
Qf7 53. Qxd6 Nd7 54. Rf2 Qe7 55. Qd5+ Rf7 56. Qa8+ Kg7 57. Rxf7+ Kxf7 58. Qxa6
Qe1+ 59. Kh2 Qd2+ 60. Kh3 1/2-1/2

[Event "Guernsey International Holiday 2014"]
[Site "Guernsey, GCI"]
[Date "2014.10.19"]
[Round "1"]
[White "Bateman, Kerry"]
[Black "Jones, Tim"]
[Result "1-0"]
[WhiteElo "1717"]
[BlackElo "1518"]
[PlyCount "103"]
[EventDate "2014.10.19"]
[EventType "swiss"]
[EventRounds "7"]
[SourceDate "2015.01.07"]

1. e4 e6 2. d4 d5 3. Nc3 c5 4. Bb5+ Nc6 5. Nf3 a6 6. exd5 axb5 7. dxc6 bxc6 8.
Be3 c4 9. O-O Nf6 10. Ne5 Bb7 11. f4 b4 12. Ne2 Nd5 13. Bf2 Be7 14. Ng3 O-O 15.
f5 Nf6 16. Qe2 Qd5 17. Qxc4 Qxc4 18. Nxc4 Ba6 19. b3 Rfe8 20. Rfe1 Ng4 21. fxe6
f6 22. Nf5 Nxf2 23. Kxf2 Rad8 24. Nce3 Bc8 25. Ng4 Rd5 26. Nge3 Rdd8 27. Nc4
Rd5 28. g4 Kh8 29. Nxe7 Rxe7 30. Nb6 Rd8 31. Nxc8 Rxc8 32. Re4 Rd8 33. c4 bxc3
34. Rc1 Rd6 35. Rxc3 g5 36. Rce3 Kg7 37. Kg3 Kf8 38. h4 h6 39. a4 Ra7 40. e7+
Ke8 41. hxg5 hxg5 42. Kf3 Rb7 43. Ke2 Rbd7 44. Rd3 Rxe7 45. Rxe7+ Kxe7 46. Re3+
Kd7 47. Kd3 c5 48. Re4 Kc6 49. Kc4 Rxd4+ 50. Rxd4 cxd4 51. Kxd4 Kb6 52. Ke4 1-0

[Event "Guernsey International Holiday 2014"]
[Site "Guernsey, GCI"]
[Date "2014.10.19"]
[Round "1"]
[White "Goman, Colin"]
[Black "Ruigrok, Jacques"]
[Result "0-1"]
[WhiteElo "1516"]
[BlackElo "1704"]
[PlyCount "100"]
[EventDate "2014.10.19"]
[EventType "swiss"]
[EventRounds "7"]
[SourceDate "2015.01.07"]

1. d4 Nf6 2. Nf3 d5 3. e3 e6 4. Bd3 c5 5. c4 Be7 6. O-O O-O 7. Nbd2 Nc6 8. dxc5
dxc4 9. Nxc4 Bxc5 10. Qe2 Qe7 11. b3 e5 12. Bb2 e4 13. Bxf6 exd3 14. Bxe7 dxe2
15. Bxc5 exf1=Q+ 16. Kxf1 Rd8 17. Nd6 b6 18. Ba3 Ba6+ 19. Ke1 Rd7 20. Rc1 Nd8
21. Ne5 Re7 22. Ndxf7 Rxf7 23. Nxf7 Nxf7 24. Bb2 Rc8 25. Bc3 Ne5 26. Kd2 Ng4
27. Kc2 Nxf2 28. Kb1 Ne4 29. Kb2 Nf2 30. Rc2 Ne4 31. Bd4 Rxc2+ 32. Kxc2 g6 33.
g3 Kf7 34. a3 Ke6 35. b4 Kd5 36. Bg7 Bc4 37. Bh6 b5 38. Bf4 a6 39. h4 Nf2 40.
Kc3 Ke4 41. Bg5 Nd1+ 42. Kd2 Nb2 43. Bf6 Nd3 44. Bd8 h5 45. Bc7 Kf3 46. Bd6 Nf2
47. Ke1 Ne4 48. Bf4 Nxg3 49. Bxg3 Kxg3 50. e4 Kxh4 0-1

[Event "Guernsey International Holiday 2014"]
[Site "Guernsey, GCI"]
[Date "2014.10.19"]
[Round "1"]
[White "Joyeux, Gerard"]
[Black "Kok, Franciscus"]
[Result "1-0"]
[WhiteElo "1692"]
[BlackElo "1514"]
[PlyCount "29"]
[EventDate "2014.10.19"]
[EventType "swiss"]
[EventRounds "7"]
[SourceDate "2015.01.07"]

1. d4 e6 2. e4 d5 3. Nf3 dxe4 4. Ne5 Nd7 5. Nxd7 Bxd7 6. c3 Bc6 7. Be3 Be7 8.
Qg4 Bf6 9. Nd2 Qd5 10. Bc4 Qf5 11. Qe2 Bg5 12. O-O Qf6 13. Bb5 Ne7 14. Bxc6+
Nxc6 15. Nxe4 1-0

[Event "Guernsey International Holiday 2014"]
[Site "Guernsey, GCI"]
[Date "2014.10.19"]
[Round "1"]
[White "Svenneling, Matz"]
[Black "Haisma, Henk"]
[Result "0-1"]
[WhiteElo "1504"]
[BlackElo "1694"]
[PlyCount "55"]
[EventDate "2014.10.19"]
[EventType "swiss"]
[EventRounds "7"]
[SourceDate "2015.01.07"]

1. e4 c5 2. Nc3 Nc6 3. Bb5 a6 4. Bxc6 bxc6 5. d3 e5 6. Nf3 d6 7. h3 Nf6 8. O-O
Be7 9. Qe2 O-O 10. Nh2 Be6 11. f4 exf4 12. Bxf4 Nd7 13. Ng4 f6 14. Nd1 Qb6 15.
c4 Rab8 16. b3 Rf7 17. Nde3 h5 18. Nh6+ gxh6 19. Qxh5 Rh7 20. Bxh6 Ne5 21. Ng4
Bxg4 22. hxg4 Nf7 23. Qg6+ Kh8 24. Rxf6 Nxh6 25. e5 Rg8 26. Qh5 Bxf6 27. exf6
Nf7 28. Qf5 {Remaining moves unreadable, 0-1, 30.} 0-1

[Event "Guernsey International Holiday 2014"]
[Site "Guernsey, GCI"]
[Date "2014.10.19"]
[Round "1"]
[White "Jongerius, Marc"]
[Black "Harnden, Terry"]
[Result "1-0"]
[WhiteElo "1701"]
[BlackElo "1496"]
[PlyCount "53"]
[EventDate "2014.10.19"]
[EventType "swiss"]
[EventRounds "7"]
[SourceDate "2015.01.07"]

1. e4 c5 2. Nf3 d6 3. c3 Nf6 4. Be2 g6 5. O-O Bg7 6. d3 O-O 7. Nbd2 Nc6 8. d4
cxd4 9. cxd4 Bd7 10. Rb1 a6 11. d5 Ne5 12. Nxe5 dxe5 13. b3 b5 14. Bb2 Qb8 15.
a4 e6 16. dxe6 Bxe6 17. a5 Rd8 18. Qe1 Bg4 19. Bxg4 Nxg4 20. Nf3 Ra7 21. h3 Nh6
22. Qe3 Re7 23. Rbc1 f6 24. Rc6 Re6 25. Rxe6 Nf7 26. Rxa6 Rd6 27. Rb6 1-0

[Event "Guernsey International Holiday 2014"]
[Site "Guernsey, GCI"]
[Date "2014.10.19"]
[Round "1"]
[White "Rowe, Oliver"]
[Black "Beadle, John"]
[Result "1/2-1/2"]
[WhiteElo "1466"]
[BlackElo "1690"]
[PlyCount "35"]
[EventDate "2014.10.19"]
[EventType "swiss"]
[EventRounds "7"]
[SourceDate "2015.01.07"]

1. d4 f5 2. Nf3 Nf6 3. h3 e6 4. Bf4 d6 5. e3 Be7 6. Be2 O-O 7. O-O Ne4 8. Nbd2
Nd7 9. c4 Ndf6 10. Qc2 c6 11. Bd3 d5 12. c5 Qe8 13. Bxe4 fxe4 14. Ne5 Nd7 15.
Qd1 Nxe5 16. Bxe5 Qg6 17. f4 Bh4 18. Qg4 1/2-1/2

[Event "Guernsey International Holiday 2014"]
[Site "Guernsey, GCI"]
[Date "2014.10.19"]
[Round "1"]
[White "Foster, Paul"]
[Black "Day, Fred"]
[Result "0-1"]
[WhiteElo "1690"]
[BlackElo "1420"]
[PlyCount "88"]
[EventDate "2014.10.19"]
[EventType "swiss"]
[EventRounds "7"]
[SourceDate "2015.01.07"]

1. e4 Nf6 2. e5 Nd5 3. Bc4 e6 4. Nf3 Be7 5. d4 O-O 6. c3 c5 7. Bxd5 exd5 8. O-O
d6 9. Re1 dxe5 10. Nxe5 cxd4 11. cxd4 Nc6 12. h3 Be6 13. Nc3 Bf6 14. f4 Ne7 15.
g4 Bxe5 16. dxe5 f5 17. g5 a6 18. Kh2 Nc6 19. Ne2 Rc8 20. Be3 d4 21. Bxd4 Nb4
22. Nc3 Rc4 23. Be3 Nd3 24. Qc2 Nxe1 25. Rxe1 Qc8 26. Kg3 Rd8 27. h4 Qc6 28.
Rd1 Rxd1 29. Qxd1 Qc8 30. Qf3 b5 31. a3 Qd8 32. h5 Rc8 33. g6 h6 34. Qb7 Qd3
35. Qf3 a5 36. Qf2 b4 37. axb4 axb4 38. Qe2 Rd8 39. Qxd3 Rxd3 40. Kf3 bxc3 41.
bxc3 Rxc3 42. Ke2 Ra3 43. Kf2 Bb3 44. Ke2 Bd1+ 0-1

[Event "Guernsey International Holiday 2014"]
[Site "Guernsey, GCI"]
[Date "2014.10.19"]
[Round "1"]
[White "Newrick, William R"]
[Black "Baart, Edwin"]
[Result "0-1"]
[WhiteElo "1383"]
[BlackElo "1681"]
[PlyCount "28"]
[EventDate "2014.10.19"]
[EventType "swiss"]
[EventRounds "7"]
[SourceDate "2015.01.07"]

1. d4 d5 2. Nf3 Nf6 3. e3 Bg4 4. Be2 e6 5. O-O Bd6 6. h3 Bxf3 7. Bxf3 O-O 8.
Nd2 Nbd7 9. c4 c6 10. c5 Bc7 11. e4 Nxe4 12. Nxe4 dxe4 13. Bxe4 Qh4 14. Be3
Qxe4 0-1

[Event "Guernsey International Holiday 2014"]
[Site "Guernsey, GCI"]
[Date "2014.10.19"]
[Round "1"]
[White "Gstalter, Herbert"]
[Black "Bennett, David"]
[Result "1/2-1/2"]
[WhiteElo "1651"]
[BlackElo "1360"]
[PlyCount "48"]
[EventDate "2014.10.19"]
[EventType "swiss"]
[EventRounds "7"]
[SourceDate "2015.01.07"]

1. d4 c5 2. d5 Nf6 3. c4 g6 4. Nc3 Bg7 5. e4 d6 6. h3 O-O 7. Bf4 Nh5 8. Bh2 Re8
9. Be2 Bxc3+ 10. bxc3 Nf6 11. Qc2 e6 12. e5 dxe5 13. dxe6 Rxe6 14. Rd1 Nbd7 15.
Nf3 Qe7 16. O-O b6 17. Ng5 Rd6 18. Bf3 Rxd1 19. Rxd1 Rb8 20. Bc6 Bb7 21. Qa4
Bxc6 22. Qxc6 Re8 23. Qc7 h6 24. Nf3 a5 1/2-1/2

[Event "Guernsey International Holiday 2014"]
[Site "Guernsey, GCI"]
[Date "2014.10.19"]
[Round "1"]
[White "Le Messurier, Rosemary"]
[Black "Kemperink, Han"]
[Result "0-1"]
[WhiteElo "1210"]
[BlackElo "1651"]
[PlyCount "62"]
[EventDate "2014.10.19"]
[EventType "swiss"]
[EventRounds "7"]
[SourceDate "2015.01.07"]

1. e4 e5 2. g3 Nf6 3. Nc3 Bc5 4. d3 d6 5. Bh3 Bxh3 6. Nxh3 Qd7 7. Ng5 Nc6 8.
O-O Nd4 9. Be3 O-O-O 10. h3 h6 11. Nf3 Qxh3 12. Bxd4 Bxd4 13. Nh2 Qxg3+ 14. Kh1
Bxf2 15. Qf3 Qxf3+ 16. Nxf3 Bb6 17. Kg2 Nh5 18. Nd5 c6 19. Nxb6+ axb6 20. a4
Rdf8 21. b4 f5 22. a5 fxe4 23. dxe4 Nf4+ 24. Kh1 bxa5 25. Rxa5 Kc7 26. Kh2 Ra8
27. Rg1 g5 28. Rga1 Rxa5 29. Rxa5 Rf8 30. Ra3 Ne6 31. Re3 Nd4 0-1

[Event "Guernsey International Holiday 2014"]
[Site "Guernsey, GCI"]
[Date "2014.10.19"]
[Round "1"]
[White "Spanjersberg, Hans"]
[Black "Brown, Jim"]
[Result "1-0"]
[WhiteElo "1648"]
[BlackElo "1195"]
[PlyCount "53"]
[EventDate "2014.10.19"]
[EventType "swiss"]
[EventRounds "7"]
[SourceDate "2015.01.07"]

1. f4 c6 2. Nf3 d6 3. b3 Nd7 4. Bb2 h6 5. e3 e6 6. Be2 Ngf6 7. O-O Be7 8. c4
O-O 9. Qc2 Re8 10. d4 a6 11. Bd3 Nf8 12. Nbd2 d5 13. Rae1 Bd7 14. Ne5 Rc8 15.
c5 b6 16. b4 b5 17. Rf3 Ne4 18. Nxe4 dxe4 19. Bxe4 Bf6 20. Ref1 Bxe5 21. fxe5
Re7 22. Qf2 Qe8 23. Qh4 f5 24. exf6 Rf7 25. fxg7 Rxf3 26. Rxf3 Ng6 27. Qxh6 1-0

[Event "Guernsey International Holiday 2014"]
[Site "Guernsey, GCI"]
[Date "2014.10.20"]
[Round "2"]
[White "Haisma, Henk"]
[Black "Kershaw, Graham J"]
[Result "1-0"]
[WhiteElo "1694"]
[BlackElo "1773"]
[PlyCount "67"]
[EventDate "2014.10.19"]
[EventType "swiss"]
[EventRounds "7"]
[SourceDate "2015.01.07"]

1. b4 e6 2. Bb2 Nf6 3. a3 d5 4. e3 c5 5. bxc5 Bxc5 6. Nf3 Nbd7 7. c4 dxc4 8.
Bxc4 O-O 9. d4 Bd6 10. O-O a6 11. Bd3 b5 12. Nbd2 Bb7 13. e4 Nh5 14. g3 g6 15.
e5 Be7 16. Be4 Qb6 17. Qe2 Rac8 18. Rfc1 Ng7 19. g4 Qa7 20. Rxc8 Rxc8 21. Rc1
Qa8 22. Bxb7 Qxb7 23. h3 Ne8 24. Qe4 Rxc1+ 25. Bxc1 Qc7 26. Nb3 a5 27. Qa8 Bd8
28. Bg5 f6 29. exf6 Nexf6 30. Ne5 Nxe5 31. dxe5 Kg7 32. Nd4 Kf7 33. Nxb5 Qe7
34. Nd6+ 1-0

[Event "Guernsey International Holiday 2014"]
[Site "Guernsey, GCI"]
[Date "2014.10.20"]
[Round "2"]
[White "Stuart, Brian"]
[Black "Joyeux, Gerard"]
[Result "1-0"]
[WhiteElo "1735"]
[BlackElo "1692"]
[PlyCount "79"]
[EventDate "2014.10.19"]
[EventType "swiss"]
[EventRounds "7"]
[SourceDate "2015.01.07"]

1. e4 c5 2. c3 e6 3. d4 cxd4 4. cxd4 a6 5. Nf3 Be7 6. Nc3 d6 7. Bd3 Nf6 8. O-O
Nc6 9. a3 b5 10. b4 h6 11. h3 Qc7 12. Bb2 e5 13. Nd5 Nxd5 14. exd5 Nxd4 15.
Nxd4 exd4 16. Bxd4 O-O 17. Rc1 Qd8 18. Qe2 Bf6 19. Qe4 g6 20. Bxf6 Qxf6 21. Qe3
Kg7 22. Rfe1 Bb7 23. Be4 Qd8 24. Qd4+ Kh7 25. f4 f5 26. Bb1 a5 27. Bd3 axb4 28.
axb4 Ba6 29. Re2 Rf7 30. Rce1 Raa7 31. Re6 Bc8 32. Re8 Qf6 33. Qxf6 Rxf6 34.
Rxc8 Rff7 35. Re6 Rae7 36. Bxb5 Rb7 37. Be8 Rg7 38. b5 Rg8 39. Rxd6 Rxe8 40.
Rxe8 1-0

[Event "Guernsey International Holiday 2014"]
[Site "Guernsey, GCI"]
[Date "2014.10.20"]
[Round "2"]
[White "Baart, Edwin"]
[Black "Watson, Jim"]
[Result "1-0"]
[WhiteElo "1681"]
[BlackElo "1735"]
[PlyCount "55"]
[EventDate "2014.10.19"]
[EventType "swiss"]
[EventRounds "7"]
[SourceDate "2015.01.07"]

1. d4 d5 2. Nf3 Nf6 3. c4 e6 4. Nc3 c6 5. Bg5 Nbd7 6. Qc2 Qa5 7. Bxf6 Nxf6 8.
e3 Bb4 9. Nd2 O-O 10. Be2 Re8 11. O-O e5 12. Nb3 Qc7 13. dxe5 Qxe5 14. Nd4 Bxc3
15. bxc3 Ne4 16. cxd5 cxd5 17. c4 Bd7 18. cxd5 Rac8 19. Qb2 Qxd5 20. Bf3 Qe5
21. Rac1 Bc6 22. Qa3 Qb8 23. Qb4 Bd5 24. Nb5 Rxc1 25. Rxc1 Rc8 26. Rd1 Rc4 27.
Qb1 Bc6 28. Qd3 1-0

[Event "Guernsey International Holiday 2014"]
[Site "Guernsey, GCI"]
[Date "2014.10.20"]
[Round "2"]
[White "Kemperink, Han"]
[Black "Bateman, Kerry"]
[Result "1-0"]
[WhiteElo "1651"]
[BlackElo "1717"]
[PlyCount "67"]
[EventDate "2014.10.19"]
[EventType "swiss"]
[EventRounds "7"]
[SourceDate "2015.01.07"]

1. e4 c5 2. Nc3 Nc6 3. f4 d6 4. Nf3 g6 5. Bc4 e6 6. d3 Bg7 7. O-O Nge7 8. a3
O-O 9. Rb1 a6 10. Ba2 Bd7 11. Be3 Rc8 12. Ne2 Kh8 13. c3 f5 14. Ng5 Rf6 15. b4
h6 16. Nf3 fxe4 17. dxe4 cxb4 18. cxb4 e5 19. Qd2 Be6 20. fxe5 Nxe5 21. Bxe6
Rxe6 22. Nxe5 Bxe5 23. Bd4 Ng8 24. Nf4 Qg5 25. Qb2 Rf6 26. Nh3 Rxf1+ 27. Rxf1
Qh5 28. Bxe5+ dxe5 29. Qb3 Rd8 30. Kh1 Nf6 31. Rxf6 Rd1+ 32. Ng1 Rxg1+ 33. Kxg1
Qd1+ 34. Qxd1 1-0

[Event "Guernsey International Holiday 2014"]
[Site "Guernsey, GCI"]
[Date "2014.10.20"]
[Round "2"]
[White "Ruigrok, Jacques"]
[Black "Spanjersberg, Hans"]
[Result "1/2-1/2"]
[WhiteElo "1704"]
[BlackElo "1648"]
[PlyCount "48"]
[EventDate "2014.10.19"]
[EventType "swiss"]
[EventRounds "7"]
[SourceDate "2015.01.07"]

1. e4 e6 2. d4 d5 3. e5 c5 4. c3 Nc6 5. Nf3 Qb6 6. Bd3 cxd4 7. cxd4 Bd7 8. O-O
Nxd4 9. Nxd4 Qxd4 10. Qe2 Ne7 11. Kh1 Qb6 12. Nc3 a6 13. f4 g6 14. Be3 Qd8 15.
Rad1 h5 16. Qf2 Nf5 17. Bb6 Qe7 18. Bxf5 gxf5 19. Rd4 h4 20. Nxd5 exd5 21. e6
Rh6 22. exd7+ Qxd7 23. Re1+ Be7 24. Bc5 Re6 1/2-1/2